| 000 | 00552nam a2200205Ia 4500 | ||
|---|---|---|---|
| 003 | GCL | ||
| 008 | 140319s9999 xx 000 0 eng d | ||
| 040 |
_aGCL / _cGCL |
||
| 082 | 0 | 4 |
_a658.4034 _bC I |
| 100 | 1 | _aCHURCHMAN, C. WEST | |
| 245 | 1 | 0 |
_aINTRODUCTION TO OPERATION'S RESEARCH / _cCHURCHMAN, C. WEST |
| 700 | 1 | _aACKOFF, RUSSELL L | |
| 260 |
_a[S.N] : _bJOHN WILEY AND SONS. INC ، _c1957 |
||
| 300 | _a645 P | ||
| 650 | 0 | 4 | _aPROGRAMMING |
| 650 | 0 | 4 | _aOPERATION MANAGEMENT |
| 650 | 0 | 4 | _aECONOMICS |
| 650 | 0 | 4 | _aMANAGEMENT |
| 942 |
_2ddc _cBK |
||
| 999 |
_c14905 _d14905 |
||